• 首页
  • 本馆介绍
  • 公告通知
  • 最新文献
  • 馆藏检索
  • 电子资源
  • 读者导购
  • 参考咨询
  • 我的图书馆
  • 登录
  • 详细信息显示
  • 放入我的书架
  • 预约/预借图书
  • 作者相关作品
  • 分类相关作品
  • 丛书相关作品
  • 出版社相关作品

书目信息

  • 表格格式
  • 工作单格式
  • 卡片格式
题名:
好爸爸陪儿子度过青春期
    
 
作者: 李贝林 编著
分册:  
出版信息: 海口   南海出版公司  2019.08
页数: 244页
开本: 24cm
丛书名:
单 册:
中图分类: G479 , G782
科图分类:
主题词: 男生--nan sheng--青春期--健康教育--家庭教育
电子资源:
ISBN: 978-7-5442-9547-5
000 00931nam0 2200241 450
001 0109110043
005 20201109110333.0
010    @a978-7-5442-9547-5@dCNY35.00
100    @a20200408d2019 em y0chiy50 ea
101 0  @achi
102    @aCN@b460000
105    @ay z 000yy
106    @ar
200 1  @a好爸爸陪儿子度过青春期@Ahao ba ba pei er zi du guo qing chun qi@f李贝林编著
210    @a海口@c南海出版公司@d2019.08
215    @a244页@d24cm
330    @a本书稿精心挑选典型事例,列举他们可能出现的种种问题和情况,提供具有可操作性的方案。通过剖析这些事例,引导父亲们以全新的思维和角度了解特别时期男孩的言行举止,在互动沟通中帮助儿子消除烦恼,走出迷茫,化解困窘,为他们的健康成长助力加油,保驾护航。
606 0  @a男生@Anan sheng@x青春期@x健康教育@x家庭教育
690    @aG479@v5
690    @aG782@v5
701  0 @a李贝林@Ali bei lin@c(家庭教育)@4编著
801  0 @aCN@bBJSZM@c20201103
905    @b1265186-90@dG479@e268@f5
    
    好爸爸陪儿子度过青春期/李贝林编著.-海口:南海出版公司,2019.08
    244页;24cm
    
    
    ISBN 978-7-5442-9547-5:CNY35.00
    本书稿精心挑选典型事例,列举他们可能出现的种种问题和情况,提供具有可操作性的方案。通过剖析这些事例,引导父亲们以全新的思维和角度了解特别时期男孩的言行举止,在互动沟通中帮助儿子消除烦恼,走出迷茫,化解困窘,为他们的健康成长助力加油,保驾护航。
●
相关链接 在E读中查询图书 在五车中查询图书 在当当中查询图书 在豆瓣中查询图书


正题名:好爸爸陪儿子度过青春期     索取号:G479/268         预约/预借

序号 登录号 条形码 馆藏地/架位号 状态 备注
1 1265186   212651860   第一样本阅览室/ [索取号:G479/268] 在馆    
2 1265187   212651879   教育系资料室/ [索取号:G479/268] 在馆    
3 1265188   212651888   教育系资料室/ [索取号:G479/268] 在馆    
4 1265189   212651897   第四借阅区/ [索取号:G479/268] 在馆    
5 1265190   212651904   第四借阅区/ [索取号:G479/268] 在馆    
唐山师范学院图书馆 欢迎您!
大连网信软件有限公司© 版权所有